[Event "Brasschaat op 09th"]
[Site "Brasschaat"]
[Date "2009.08.17"]
[Round "3"]
[White "Both, Erik"]
[Black "Fleerackers, Willy"]
[Result "1-0"]
[WhiteElo "2234"]
[BlackElo "2016"]
[PlyCount "53"]
[EventDate "2009.08.15"]
[EventType "swiss"]
[EventRounds "9"]
[EventCountry "BEL"]
[SourceTitle "CBM 131 Extra"]
[Source "ChessBase"]
[SourceDate "2009.09.03"]
[SourceVersion "2"]
[SourceVersionDate "2009.09.16"]
[SourceQuality "1"]

1. e4 d5 2. exd5 Qxd5 3. Nc3 Qd6 4. d4 Nf6 5. Nf3 a6 6. g3 Bg4 7. Bg2 Nc6 8. Bf4 Qb4 9. 0-0 0-0-0 10. a3 Qc4 11. h3 Bh5 12. g4 Bg6 13. Be3 a5 14. Re1 Qa6 15. Bf1 Qa8 16. b4 e5 17. d5 e4 18. Nh4 Ne5 19. Qd4 Bd6 20. Nb5 Nf3+ 21. Nxf3 exf3 22. c4 Rhe8 23. Nxd6+ Rxd6 24. Bf4 Rdd8 25. Qc5 Rd7 26. Rxe8+ Nxe8 27. Re1 1-0